000 00990nam a2200289 c 4500
003 BLK
005 20230813003912.0
008 180411b bul|||||r ||||||| ||bul||
010 _aKNG00191822000
040 _aBLK
041 _aBUL
_cBUL
080 _aБългарска литература
_b821.163.2
_x-1
_z821.163.2-1
100 1 _aГерманов, Андрей Димитров
_d1932-1981
_953612
139 _aГерманов, Андрей Димитров
_bГ 40
245 1 0 _aЗлатна светлина
_bСтихотворения
_cАндрей Димитров Германов.
257 _aBGR
260 Пловдив
_bХристо Г. Данов
_c1983
300 _a80 с.
_c21 см
380 _aX
500 _a2 600 тир.
852 _aЦб 120503
856 4 _qpdf
_u
856 4 _qpdf
_u
942 _cKNG
_n0
944 _aCR
_c06.10.2016
_k
_lCRON CRON
944 _aED
_c06.10.2016
_kКина_Георгиева
999 _c182897
_d182897